000 00512nam a2200169 a 4500
005 20140310183437.0
008 080205s19uu xx 00 eng d
020 _a9780792238874
050 _aF 192.3
_b.T468 2005
245 _aNational geographic traveler :
_bWashington D.C. /
_cJohn Thompson.
260 _aWashington D.C :
_bNational Geographic,
_c2005.
300 _a271 p. :
_bill. col. ;
_c24 cm.
521 _aTOU
650 _aWashington (D.C.)
_xGuidebooks.
942 _cBK
_2lcc
_kFOR
999 _c22966
_d22966